书目信息 |
| 题名: |
公路工程检测技术
|
|
| 作者: | 张美珍 , 金桃 主编 | |
| 分册: | ||
| 出版信息: | 北京 人民交通出版社 2009.08 |
|
| 页数: | 312页 | |
| 开本: | 26cm | |
| 丛书名: | ||
| 单 册: | ||
| 中图分类: | U41 | |
| 科图分类: | ||
| 主题词: | 道路工程--检测--高等教育--教材 , 道路工程 | |
| 电子资源: | ||
| ISBN: | 978-7-114-07890-3 | |
| 000 | 00963nam0 2200289 450 | |
| 001 | 1157877655 | |
| 005 | 20111209160554.62 | |
| 010 | @a978-7-114-07890-3@dCNY28.00 | |
| 090 | @aU41@bjt | |
| 096 | @aU41@bjt | |
| 100 | @a20100201d2009 em y0chiy50 ea | |
| 101 | 0 | @achi |
| 102 | @aCN@b110000 | |
| 105 | @aa z 000yy | |
| 200 | 1 | @a公路工程检测技术@b专著@f金桃,张美珍主编@9gong lu gong cheng jian ce ji shu |
| 205 | @a3版 | |
| 210 | @a北京@c人民交通出版社@d2009.08 | |
| 215 | @a312页@c图@d26cm | |
| 300 | @a普通高等教育“十一五”国家级规划教材 全国交通土建高职高专规划教材 | |
| 330 | @a本书分十五章,内容包括:试验检测数据处理、常用混合料强度检测、路基路面几何尺寸及路面厚度检测、路基路面压实度检测等。 | |
| 606 | 0 | @a道路工程@x检测@x高等教育@j教材 |
| 606 | 0 | @a道路工程 |
| 690 | @aU41@v4 | |
| 701 | 0 | @a张美珍@c(副教授)@4主编@9zhang mei zhen |
| 701 | 0 | @a金桃@4主编@9jin tao |
| 801 | 0 | @aCN@b110017@c20091105 |
| 905 | @aZUCC@dU41@eZ149=3 | |
| 公路工程检测技术/金桃,张美珍主编.-3版.-北京:人民交通出版社,2009.08 |
| 312页:图;26cm |
| 普通高等教育“十一五”国家级规划教材 全国交通土建高职高专规划教材 |
| ISBN 978-7-114-07890-3:CNY28.00 |
| 本书分十五章,内容包括:试验检测数据处理、常用混合料强度检测、路基路面几何尺寸及路面厚度检测、路基路面压实度检测等。 |
| ● |
| 相关链接 |
|
|
|
正题名:公路工程检测技术
索取号:U41/Z149=3
 
预约/预借
| 序号 | 登录号 | 条形码 | 馆藏地/架位号 | 状态 | 备注 |
| 1 | 842990 | 208429903 | 自科库501/501自科库 50排6列5层/ [索取号:U41/Z149=3] | 在馆 | |
| 2 | 842991 | 208429912 | 自科库501/501自科库 50排6列5层/ [索取号:U41/Z149=3] | 在馆 | |
| 3 | 842992 | 208429921 | 自科二线504/501自科库 50排6列5层/ [索取号:U41/Z149=3] | 在馆 |